Eastern Utah Libraries Catalog: Duchesne, Heber, Roosevelt, & Vernal

Penny draws a team sport / (Record no. 407092)

MARC details
000 -LEADER
fixed length control field 01429pam a2200421 i 4500
001 - CONTROL NUMBER
control field 1417757796
003 - CONTROL NUMBER IDENTIFIER
control field DLC
005 - DATE AND TIME OF LATEST TRANSACTION
control field 20250416161336.0
007 - PHYSICAL DESCRIPTION FIXED FIELD--GENERAL INFORMATION
fixed length control field t|
008 - FIXED-LENGTH DATA ELEMENTS--GENERAL INFORMATION
fixed length control field 241106s2025 nyu c 000 1 eng
010 ## - LIBRARY OF CONGRESS CONTROL NUMBER
LC control number 2023058270
020 ## - INTERNATIONAL STANDARD BOOK NUMBER
International Standard Book Number 9780593700310
Qualifying information hardback
020 ## - INTERNATIONAL STANDARD BOOK NUMBER
International Standard Book Number 0593700317
Qualifying information hardback
035 ## - SYSTEM CONTROL NUMBER
System control number (OCoLC)1417757796
040 ## - CATALOGING SOURCE
Original cataloging agency DLC
Language of cataloging eng
Description conventions rda
Transcribing agency DLC
Modifying agency TnLvILS
042 ## - AUTHENTICATION CODE
Authentication code pcc
-- cyac
092 ## - LOCALLY ASSIGNED DEWEY CALL NUMBER (OCLC)
Classification number junior fiction
Item number Shepard
100 1# - MAIN ENTRY--PERSONAL NAME
Personal name Shepard, Sara,
Dates associated with a name 1977-
Relator term author.
Relator code aut.
245 10 - TITLE STATEMENT
Title Penny draws a team sport /
Statement of responsibility, etc Sara Shepard.
246 3# - VARYING FORM OF TITLE
Title proper/short title Penny draws.
Name of part/section of a work A team sport.
246 3# - VARYING FORM OF TITLE
Title proper/short title A team sport.
264 #1 - Production, Publication, Distribution, Manufacture, and Copyright Notice.
Place of production, publication, distribution, manufacture New York :
Name of producer, publisher, distributor, manufacturer G.P. Putnam's Sons,
Date of production, publication, distribution, manufacture, or copyr 2025.
300 ## - PHYSICAL DESCRIPTION
Extent 224 pages ;
Dimensions 21 cm.
336 ## - Content Type
Content type term text
337 ## - Media type
Media type term unmediated
338 ## - Carrier type
Carrier type term volume
490 ## - SERIES STATEMENT
Series statement Penny draws ;
Volume number/sequential designation book 5.
520 ## - SUMMARY, ETC.
Summary, etc "Penny joins a pickleball league at school"--
521 ## - TARGET AUDIENCE NOTE
Target audience note Ages 8-12 years.
Source G.P. Putnam's Sons.
650 #1 - SUBJECT ADDED ENTRY--TOPICAL TERM
Topical term or geographic name as entry element Schools
Form subdivision Fiction.
9 (RLIN) 5673727
650 #1 - SUBJECT ADDED ENTRY--TOPICAL TERM
Topical term or geographic name as entry element Pickleball (Game)
Form subdivision Fiction.
9 (RLIN) 6543369
650 #1 - SUBJECT ADDED ENTRY--TOPICAL TERM
Topical term or geographic name as entry element Racket games
Form subdivision Fiction.
9 (RLIN) 6543370
650 #1 - SUBJECT ADDED ENTRY--TOPICAL TERM
Topical term or geographic name as entry element Diaries
Form subdivision Fiction.
9 (RLIN) 5674805
655 #7 - INDEX TERM--GENRE/FORM
Genre/form data or focus term Diary fiction.
Source of term lcgft.
655 #7 - INDEX TERM--GENRE/FORM
Genre/form data or focus term Novels.
Source of term lcgft.
776 08 - ADDITIONAL PHYSICAL FORM ENTRY
Display text Online version:
Main entry heading Shepard, Sara, 1977-
Title Penny draws a team sport
Place, publisher, and date of publication New York : G.P. Putnam's Sons, 2025
International Standard Book Number 9780593700327
Record control number (DLC) 2023058271.
942 ## - ADDED ENTRY ELEMENTS (KOHA)
Source of classification or shelving scheme Dewey Decimal Classification
Koha item type BOOK
Holdings
Withdrawn status Lost status Source of classification or shelving scheme Damaged status Not for loan Collection code Home library Current library Shelving location Date acquired Source of acquisition Serial Enumeration / chronology Total Checkouts Total Renewals Full call number Barcode Date last seen Date checked out Cost, replacement price Price effective from Koha item type
    Dewey Decimal Classification     Junior Fiction Wasatch County Library Wasatch County Library Main Floor Junior Area 04/16/2025 Micromarketing #5 Penny Draws 2 2 J Shepard 34301002152496 02/05/2026 11/17/2025 14.99 04/16/2025 BOOK
This project was made possible through a grant from the Institute of Museum and Library Service administered by the Utah State Library Division.

Wasatch County Library

  • 465 East 1200 South, Heber City, Utah 84032
  • Phone 435-654-1511 | Fax 435-654-6456

Hours

  • Monday - Friday 9:30 AM - 8:00 PM
  • Saturday 9:30 AM - 1:30 PM
  • Closed Sundays and Holidays